000
00293nam a2200121Ia 4500
005
20251222141922.0
008
251222s9999||||xx |||||||||||||| ||spa||
020
_a
84-08-03696-3
082
_a
891.32/D93/2000/Ej.2
100
_a
"Dostoievski, Fiodor"
245
0
_a
Crimen y castigo
942
_c
LIB
999
_c
8753
_d
8753